00734 2200241 4500001002100000005001700021008004100038035002400079082001200103090001900115100002800134245013000162250001100292260003600303300001900339500003100358500001100389650004500400850001500445980001100460985000600471999001500477YOGYA-0209000001121720090227022117.0 ind  0010-020900000011217 a346.016 a346.016bPro T aPROJOHAMIJOYO, Martiman aTanya jawab mengenai Undang-undang perkawinan dan peraturan pelaksanaan disertai Yurisprudensicoleh Martiman Prodjohamidjojo aCet. 2 aJakartabPradnya Paramitac1991 a150 hlmc21 cm aBibliografi : hlm. 149-150 aIndeks aPerkawinan - Undang-undang dan peraturan aYOPDYOG(B) a5-9-05 a1 a98P0107977